| 000 | 01346nam2a22002531 4500 | ||
|---|---|---|---|
| 001 | v19\rc\1926927 | ||
| 005 | 20251118180712.6 | ||
| 035 | _a(NLR Aleph) 005012541 | ||
| 090 |
_a6503220 _c6503220 |
||
| 100 | _a20080404d1912 u y0rusy50 ca | ||
| 101 | 0 | _arus | |
| 102 | _aRU | ||
| 105 | _aa z ||||| | ||
| 200 | 1 | _aКраткие истории болезни | |
| 210 | _d1912 | ||
| 215 |
_a234 с. _cил. |
||
| 461 | 0 |
_1001v19\rc\1926926 _12001#$aГодовой отчет Медико-механического института Совета Съезда горнопромышленников Юга России$e1 сент. 1911 г. - 1 сент. 1912 г. Ч. -2$f37 Съезд горнопромышленников Юга России$vЧ. 2 _96503212 _aМедико-механический институт (Харьков) _cХарьков _d-1912 _f37 Съезд горнопромышленников Юга России _o1 сент. 1911 г. - 1 сент. 1912 г. Ч. -2 _tГодовой отчет Медико-механического института Совета Съезда горнопромышленников Юга России _vЧ. 2 |
|
| 801 | 0 |
_aRU _bNLR _gpsbo |
|
| 801 | 0 |
_aRU _bRuMoRGB _2psbo |
|
| 801 | 1 |
_aRU _bProSoft-M _2rusmarc |
|
| 852 |
_aNLR _j19.48.2.91(5) |
||
| 899 | _aБАН | ||
| 942 | _cBOOK | ||
| 980 | _aNB | ||